[Event "23rd Hoogeveen Open 2019"]
[Site "Hoogeveen"]
[Date "2019.10.23"]
[Round "6.15"]
[White "Blagojevic, Tijana"]
[Black "Manush Shah"]
[Result "0-1"]
[WhiteElo "2151"]
[BlackElo "2352"]
[Annotator "ChessBase"]
[PlyCount "90"]
[EventDate "2019.10.19"]
[EventType "swiss"]
[EventCountry "NED"]
[SourceTitle "playchess.com"]
[Source "ChessBase"]
[SourceQuality "1"]
[TimeControl "40/5400+30:1800+30"]

1. e4 {[%emt 0:07:54]} c6 {[%emt 0:00:00]} 2. d4 {[%emt 0:00:06]} d5 {[%emt 0:00:00]} 3. f3 {[%emt 0:00:05]} dxe4 {[%emt 0:00:26]} 4. fxe4 {[%emt 0:00:06]} e5 {[%emt 0:00:06]} 5. Nf3 {[%emt 0:00:13]} Bg4 {[%emt 0:00:19]} 6. Bc4 {[%emt 0:00:57]} Nd7 {[%emt 0:00:25]} 7. c3 {[%emt 0:02:03]} Bh5 {[%emt 0:00:27]} 8. O-O {[%emt 0:00:49]} Ngf6 {[%emt 0:00:46]} 9. Bg5 {[%emt 0:01:00]} Qc7 {[%emt 0:08:12]} 10. Qe1 {[%emt 0:03:02]} Bd6 {[%emt 0:02:36]} 11. Nbd2 {[%emt 0:01:15]} O-O {[%emt 0:01:33]} 12. Qh4 {[%emt 0:00:57]} Bg6 {[%emt 0:02:20]} 13. Rae1 {[%emt 0:00:51]} Rae8 {[%emt 0:14:03]} 14. Bb3 {[%emt 0:03:31]} b5 {[%emt 0:02:24]} 15. Kh1 {[%emt 0:03:23]} Nh5 {[%emt 0:09:25]} 16. g4 {[%emt 0:09:04]} Nhf6 {[%emt 0:01:48]} 17. dxe5 {[%emt 0:21:08]} Bxe5 {[%emt 0:02:31]} 18. Nxe5 {[%emt 0:02:06]} Qxe5 {[%emt 0:00:16]} 19. Rf5 {[%emt 0:05:03]} Bxf5 {[%emt 0:03:58]} 20. gxf5 {[%emt 0:00:04]} Qd6 {[%emt 0:16:02]} 21. Rg1 {[%emt 0:07:44]} Kh8 {[%emt 0:00:37]} 22. Bf4 {[%emt 0:01:39]} Qe7 {[%emt 0:01:37]} 23. Qg5 {[%emt 0:08:58]} Rg8 {[%emt 0:06:34]} 24. Bc2 {[%emt 0:00:40]} g6 {[%emt 0:10:31]} 25. e5 {[%emt 0:02:33]} Nxe5 {[%emt 0:05:24]} 26. Re1 {[%emt 0:00:14]} Nfd7 {[%emt 0:03:12]} 27. f6 {[%emt 0:00:10]} Qe6 {[%emt 0:01:11]} 28. Re3 {[%emt 0:05:45]} Qg4 {[%emt 0:00:55]} 29. Ne4 {[%emt 0:02:49]} Qxg5 {[%emt 0:02:48]} 30. Bxg5 {[%emt 0:00:51]} Ng4 {[%emt 0:02:02]} 31. Nd6 {[%emt 0:00:56]} Ndxf6 {[%emt 0:00:56]} 32. Nxe8 {[%emt 0:01:19]} Rxe8 {[%emt 0:00:25]} 33. Rxe8+ {[%emt 0:00:30]} Nxe8 {[%emt 0:00:02]} 34. h3 {[%emt 0:01:46]} Ne5 {[%emt 0:00:21]} 35. Be3 {[%emt 0:00:08]} a6 {[%emt 0:01:41]} 36. Bd4 {[%emt 0:00:05]} f6 {[%emt 0:00:03]} 37. Be4 {[%emt 0:00:05]} Nd6 {[%emt 0:00:12]} 38. Bg2 {[%emt 0:00:14]} Ndf7 {[%emt 0:01:08]} 39. b3 {[%emt 0:00:44]} Kg7 {[%emt 0:00:09]} 40. a4 {[%emt 0:00:21]} Kf8 {[%emt 0:00:34]} 41. a5 {[%emt 0:31:07]} Ke7 {[%emt 0:30:27]} 42. Kg1 {[%emt 0:00:10]} Kd6 {[%emt 0:00:54]} 43. b4 {[%emt 0:00:50]} Ng5 {[%emt 0:00:00]} 44. Bc5+ {[%emt 0:00:00]} Kd7 {[%emt 0:00:00]} 45. Kf2 {[%emt 0:00:00]} Nd3+ {[%emt 0:00:00]} 0-1

[Event "23rd Hoogeveen Open 2019"]
[Site "Hoogeveen"]
[Date "2019.10.23"]
[Round "6.16"]
[White "Elgersma, Onno"]
[Black "Sparenberg, Erik"]
[Result "1-0"]
[WhiteElo "2306"]
[BlackElo "2142"]
[Annotator "ChessBase"]
[PlyCount "87"]
[EventDate "2019.10.19"]
[EventType "swiss"]
[EventCountry "NED"]
[SourceTitle "playchess.com"]
[Source "ChessBase"]
[SourceQuality "1"]
[TimeControl "40/5400+30:1800+30"]

1. e4 {[%emt 0:00:00]} e5 {[%emt 0:00:38]} 2. Nf3 {[%emt 0:00:00]} Nc6 {[%emt 0:00:04]} 3. Bb5 {[%emt 0:00:00]} a6 {[%emt 0:00:12]} 4. Ba4 {[%emt 0:00:00]} Nf6 {[%emt 0:00:04]} 5. O-O {[%emt 0:00:00]} Be7 {[%emt 0:00:21]} 6. d3 {[%emt 0:00:00]} d6 {[%emt 0:00:06]} 7. c4 {[%emt 0:01:45]} O-O {[%emt 0:00:18]} 8. h3 {[%emt 0:01:42]} Bd7 {[%emt 0:07:57]} 9. Be3 {[%emt 0:01:10]} Nb8 {[%emt 0:03:08]} 10. Nc3 {[%emt 0:05:26]} c5 {[%emt 0:09:06]} 11. a3 {[%emt 0:04:22]} Nc6 {[%emt 0:07:58]} 12. b4 {[%emt 0:09:09]} cxb4 {[%emt 0:07:22]} 13. Bxc6 {[%emt 0:02:20]} bxc3 {[%emt 0:05:25]} 14. Bxb7 {[%emt 0:01:29]} Rb8 {[%emt 0:03:27]} 15. Rb1 {[%emt 0:04:57]} Qc7 {[%emt 0:03:12]} 16. Bxa6 {[%emt 0:02:33]} Qa5 {[%emt 0:04:44]} 17. Bb7 {[%emt 0:05:30]} Ba4 {[%emt 0:04:30]} 18. Qc1 {[%emt 0:02:50]} c2 {[%emt 0:07:49]} 19. Rb4 {[%emt 0:07:40]} d5 {[%emt 0:03:11]} 20. Bb6 {[%emt 0:17:00]} Bxb4 {[%emt 0:02:31]} 21. Bxa5 {[%emt 0:00:13]} Bxa5 {[%emt 0:00:08]} 22. Bc6 {[%emt 0:09:56]} Bxc6 {[%emt 0:03:39]} 23. Qxc2 {[%emt 0:00:22]} dxe4 {[%emt 0:00:28]} 24. Nxe5 {[%emt 0:00:05]} exd3 {[%emt 0:00:56]} 25. Qxd3 {[%emt 0:00:13]} Be4 {[%emt 0:03:26]} 26. Qd4 {[%emt 0:01:06]} Rbd8 {[%emt 0:13:23]} 27. Qb2 {[%emt 0:06:54]} Rd2 {[%emt 0:04:07]} 28. Qb5 {[%emt 0:02:44]} Bc7 {[%emt 0:00:00]} 29. Nc6 {[%emt 0:01:08]} Re8 {[%emt 0:00:00]} 30. Nb4 {[%emt 0:06:24]} h6 {[%emt 0:00:21]} 31. c5 {[%emt 0:01:25]} Red8 {[%emt 0:02:13]} 32. c6 {[%emt 0:02:28]} Nd5 {[%emt 0:02:38]} 33. Nxd5 {[%emt 0:01:09]} Bxd5 {[%emt 0:01:17]} 34. Qb7 {[%emt 0:00:52]} Be5 {[%emt 0:00:49]} 35. Qb6 {[%emt 0:00:43]} Bf6 {[%emt 0:01:01]} 36. c7 {[%emt 0:01:55]} Rf8 {[%emt 0:00:44]} 37. Qd6 {[%emt 0:01:39]} Rc8 {[%emt 0:00:44]} 38. Qd7 {[%emt 0:00:17]} Rf8 {[%emt 0:00:22]} 39. c8=Q {[%emt 0:00:12]} Rxc8 {[%emt 0:00:26]} 40. Qxc8+ {[%emt 0:00:07]} Kh7 {[%emt 0:00:20]} 41. Qf5+ {[%emt 0:31:05]} Kg8 {[%emt 0:30:03]} 42. Rb1 {[%emt 0:01:02]} Kf8 {[%emt 0:01:13]} 43. Qf4 {[%emt 0:00:47]} Rc2 {[%emt 0:00:00]} 44. Qd6+ {[%emt 0:00:00]} 1-0

[Event "23rd Hoogeveen Open 2019"]
[Site "Hoogeveen"]
[Date "2019.10.23"]
[Round "6.17"]
[White "Tabak, Stefan"]
[Black "De Jong, Migchiel"]
[Result "0-1"]
[WhiteElo "2181"]
[BlackElo "2330"]
[Annotator "ChessBase"]
[PlyCount "118"]
[EventDate "2019.10.19"]
[EventType "swiss"]
[EventCountry "NED"]
[SourceTitle "playchess.com"]
[Source "ChessBase"]
[SourceQuality "1"]
[TimeControl "40/5400+30:1800+30"]

1. g3 {[%emt 0:00:00]} d5 {[%emt 0:01:03]} 2. Bg2 {[%emt 0:00:44]} e5 {[%emt 0:00:26]} 3. c4 {[%emt 0:01:15]} d4 {[%emt 0:01:20]} 4. d3 {[%emt 0:00:21]} Nc6 {[%emt 0:01:02]} 5. Nf3 {[%emt 0:00:22]} Bb4+ {[%emt 0:00:41]} 6. Nbd2 {[%emt 0:00:48]} a5 {[%emt 0:00:29]} 7. Qc2 {[%emt 0:02:01]} Nf6 {[%emt 0:00:57]} 8. O-O {[%emt 0:02:27]} O-O {[%emt 0:00:48]} 9. a3 {[%emt 0:07:24]} Be7 {[%emt 0:01:54]} 10. b3 {[%emt 0:00:24]} h6 {[%emt 0:01:19]} 11. Bb2 {[%emt 0:03:46]} Bf5 {[%emt 0:01:31]} 12. Nh4 {[%emt 0:04:07]} Bh7 {[%emt 0:00:21]} 13. Bh3 {[%emt 0:00:57]} Bc5 {[%emt 0:06:20]} 14. Ne4 {[%emt 0:01:21]} Nxe4 {[%emt 0:05:19]} 15. dxe4 {[%emt 0:00:08]} Ne7 {[%emt 0:00:21]} 16. Nf5 {[%emt 0:02:31]} Nxf5 {[%emt 0:00:37]} 17. exf5 {[%emt 0:00:14]} c6 {[%emt 0:04:30]} 18. Kh1 {[%emt 0:02:11]} Re8 {[%emt 0:01:31]} 19. Bg2 {[%emt 0:03:41]} d3 {[%emt 0:01:53]} 20. exd3 {[%emt 0:03:48]} Bxf5 {[%emt 0:00:09]} 21. Rad1 {[%emt 0:00:15]} Bd4 {[%emt 0:07:40]} 22. Bc1 {[%emt 0:01:31]} Qd7 {[%emt 0:03:48]} 23. Rfe1 {[%emt 0:02:48]} Rad8 {[%emt 0:01:42]} 24. Be3 {[%emt 0:14:16]} Qe7 {[%emt 0:04:29]} 25. c5 {[%emt 0:19:42]} Qf6 {[%emt 0:00:59]} 26. Bxd4 {[%emt 0:02:49]} Rxd4 {[%emt 0:00:19]} 27. f4 {[%emt 0:05:39]} Re6 {[%emt 0:01:12]} 28. fxe5 {[%emt 0:02:56]} Rxe5 {[%emt 0:00:11]} 29. Rxe5 {[%emt 0:01:43]} Qxe5 {[%emt 0:00:05]} 30. Qc3 {[%emt 0:02:53]} Qe2 {[%emt 0:02:06]} 31. Qc1 {[%emt 0:11:15]} Rxd3 {[%emt 0:00:25]} 32. Rxd3 {[%emt 0:00:31]} Qxd3 {[%emt 0:00:16]} 33. b4 {[%emt 0:00:12]} axb4 {[%emt 0:02:03]} 34. axb4 {[%emt 0:00:05]} Be4 {[%emt 0:00:37]} 35. Qe1 {[%emt 0:00:45]} f5 {[%emt 0:00:21]} 36. h4 {[%emt 0:00:57]} Qd5 {[%emt 0:00:45]} 37. Bxe4 {[%emt 0:00:36]} Qxe4+ {[%emt 0:00:11]} 38. Qxe4 {[%emt 0:00:09]} fxe4 {[%emt 0:00:02]} 39. Kg2 {[%emt 0:00:55]} Kf7 {[%emt 0:00:05]} 40. Kf2 {[%emt 0:00:32]} Ke6 {[%emt 0:00:52]} 41. Ke3 {[%emt 0:02:17]} Ke5 {[%emt 0:00:06]} 42. h5 {[%emt 0:00:06]} Kf5 {[%emt 0:00:46]} 43. Kd4 {[%emt 0:00:14]} e3 {[%emt 0:01:42]} 44. Kxe3 {[%emt 0:00:11]} Kg4 {[%emt 0:00:04]} 45. Ke4 {[%emt 0:00:25]} Kxh5 {[%emt 0:00:18]} 46. Ke5 {[%emt 0:08:45]} Kg4 {[%emt 0:00:11]} 47. Kd6 {[%emt 0:00:04]} Kxg3 {[%emt 0:00:05]} 48. Kc7 {[%emt 0:00:03]} h5 {[%emt 0:00:06]} 49. Kxb7 {[%emt 0:00:08]} h4 {[%emt 0:00:05]} 50. Kxc6 {[%emt 0:02:20]} h3 {[%emt 0:00:07]} 51. b5 {[%emt 0:00:04]} h2 {[%emt 0:00:05]} 52. Kc7 {[%emt 0:01:01]} h1=Q {[%emt 0:00:07]} 53. b6 {[%emt 0:00:44]} Kf4 {[%emt 0:04:01]} 54. c6 {[%emt 0:02:44]} Ke5 {[%emt 0:00:28]} 55. b7 {[%emt 0:08:10]} Kd5 {[%emt 0:00:06]} 56. Kb6 {[%emt 0:02:14]} Qg1+ {[%emt 0:00:34]} 57. Kc7 {[%emt 0:00:34]} Qc5 {[%emt 0:00:16]} 58. b8=N {[%emt 0:00:56]} Qa7+ {[%emt 0:00:12]} 59. Kc8 {[%emt 0:00:12]} Kd6 {[%emt 0:00:29]} 0-1

[Event "23rd Hoogeveen Open 2019"]
[Site "Hoogeveen"]
[Date "2019.10.23"]
[Round "6.18"]
[White "De Boer, Eelke"]
[Black "Pekin, Tolgay"]
[Result "1-0"]
[WhiteElo "2323"]
[BlackElo "2083"]
[Annotator "ChessBase"]
[PlyCount "95"]
[EventDate "2019.10.19"]
[EventType "swiss"]
[EventCountry "NED"]
[SourceTitle "playchess.com"]
[Source "ChessBase"]
[SourceQuality "1"]
[TimeControl "40/5400+30:1800+30"]

1. e4 {[%emt 0:00:00]} c5 {[%emt 0:00:00]} 2. Nf3 {[%emt 0:00:00]} Nc6 {[%emt 0:00:00]} 3. d4 {[%emt 0:00:00]} cxd4 {[%emt 0:00:00]} 4. Nxd4 {[%emt 0:00:00]} Nf6 {[%emt 0:00:01]} 5. Nc3 {[%emt 0:00:00]} e5 {[%emt 0:00:04]} 6. Ndb5 {[%emt 0:00:00]} d6 {[%emt 0:00:11]} 7. Bg5 {[%emt 0:00:06]} a6 {[%emt 0:00:05]} 8. Na3 {[%emt 0:00:03]} b5 {[%emt 0:00:08]} 9. Nd5 {[%emt 0:00:07]} Be7 {[%emt 0:00:12]} 10. Bxf6 {[%emt 0:00:06]} Bxf6 {[%emt 0:00:05]} 11. c3 {[%emt 0:00:09]} Ne7 {[%emt 0:00:33]} 12. Nxf6+ {[%emt 0:00:24]} gxf6 {[%emt 0:00:06]} 13. Bd3 {[%emt 0:01:01]} d5 {[%emt 0:02:55]} 14. Qe2 {[%emt 0:03:22]} dxe4 {[%emt 0:02:14]} 15. Bxe4 {[%emt 0:00:54]} Rb8 {[%emt 0:00:29]} 16. O-O {[%emt 0:07:18]} f5 {[%emt 0:03:17]} 17. Bc2 {[%emt 0:02:04]} Qc7 {[%emt 0:02:00]} 18. Rae1 {[%emt 0:01:39]} Ng6 {[%emt 0:06:44]} 19. Qh5 {[%emt 0:07:11]} Qc6 {[%emt 0:37:19]} 20. Bxf5 {[%emt 0:20:30]} Bxf5 {[%emt 0:12:13]} 21. Qxf5 {[%emt 0:00:14]} O-O {[%emt 0:05:40]} 22. Nc2 {[%emt 0:09:10]} f6 {[%emt 0:09:43]} 23. Ne3 {[%emt 0:02:14]} Rb7 {[%emt 0:01:12]} 24. f3 {[%emt 0:05:27]} Kh8 {[%emt 0:06:24]} 25. Qe4 {[%emt 0:03:47]} Qb6 {[%emt 0:03:22]} 26. Kh1 {[%emt 0:00:09]} Rd7 {[%emt 0:01:05]} 27. Rd1 {[%emt 0:03:42]} Rfd8 {[%emt 0:00:23]} 28. Rxd7 {[%emt 0:06:32]} Rxd7 {[%emt 0:00:04]} 29. Rd1 {[%emt 0:03:19]} Rxd1+ {[%emt 0:03:02]} 30. Nxd1 {[%emt 0:00:05]} Qe6 {[%emt 0:02:00]} 31. b3 {[%emt 0:02:39]} f5 {[%emt 0:00:50]} 32. Qa8+ {[%emt 0:01:17]} Kg7 {[%emt 0:00:06]} 33. Ne3 {[%emt 0:00:25]} Nf4 {[%emt 0:01:53]} 34. Qd8 {[%emt 0:01:29]} h6 {[%emt 0:00:43]} 35. g3 {[%emt 0:01:07]} Nh3 {[%emt 0:01:00]} 36. Kg2 {[%emt 0:11:53]} Ng5 {[%emt 0:00:43]} 37. h4 {[%emt 0:00:15]} Nf7 {[%emt 0:00:38]} 38. Qd3 {[%emt 0:00:08]} f4 {[%emt 0:00:50]} 39. gxf4 {[%emt 0:01:06]} exf4 {[%emt 0:00:04]} 40. Qd4+ {[%emt 0:00:11]} Qe5 {[%emt 0:00:20]} 41. Nd5 {[%emt 0:31:33]} a5 {[%emt 0:03:11]} 42. Kf2 {[%emt 0:00:00]} b4 {[%emt 0:01:27]} 43. Qxe5+ {[%emt 0:00:00]} Nxe5 {[%emt 0:00:06]} 44. cxb4 {[%emt 0:00:00]} Nd3+ {[%emt 0:00:06]} 45. Ke2 {[%emt 0:00:00]} Nxb4 {[%emt 0:00:10]} 46. Nxb4 {[%emt 0:00:00]} axb4 {[%emt 0:00:05]} 47. Kd3 {[%emt 0:00:00]} Kg6 {[%emt 0:00:44]} 48. Ke4 {[%emt 0:00:00]} 1-0

[Event "23rd Hoogeveen Open 2019"]
[Site "Hoogeveen"]
[Date "2019.10.23"]
[Round "6.19"]
[White "Wiersma, Eelke"]
[Black "Takawira, Erick"]
[Result "1/2-1/2"]
[WhiteElo "2321"]
[BlackElo "2101"]
[Annotator "ChessBase"]
[PlyCount "47"]
[EventDate "2019.10.19"]
[EventType "swiss"]
[EventCountry "NED"]
[SourceTitle "playchess.com"]
[Source "ChessBase"]
[SourceQuality "1"]
[TimeControl "40/5400+30:1800+30"]

1. e4 {[%emt 0:00:00]} e5 {[%emt 0:00:00]} 2. Nf3 {[%emt 0:00:00]} Nc6 {[%emt 0:00:00]} 3. Bb5 {[%emt 0:00:00]} a6 {[%emt 0:00:00]} 4. Ba4 {[%emt 0:00:02]} Nf6 {[%emt 0:00:00]} 5. O-O {[%emt 0:00:11]} Be7 {[%emt 0:00:00]} 6. d3 {[%emt 0:00:08]} b5 {[%emt 0:00:00]} 7. Bb3 {[%emt 0:00:11]} d6 {[%emt 0:01:28]} 8. a4 {[%emt 0:00:10]} Rb8 {[%emt 0:01:08]} 9. axb5 {[%emt 0:00:46]} axb5 {[%emt 0:00:01]} 10. c3 {[%emt 0:00:14]} O-O {[%emt 0:00:19]} 11. d4 {[%emt 0:00:10]} exd4 {[%emt 0:05:01]} 12. cxd4 {[%emt 0:00:52]} Bg4 {[%emt 0:02:21]} 13. Nc3 {[%emt 0:02:57]} Qd7 {[%emt 0:11:03]} 14. d5 {[%emt 0:09:46]} Ne5 {[%emt 0:13:12]} 15. Nxe5 {[%emt 0:01:28]} dxe5 {[%emt 0:00:02]} 16. f3 {[%emt 0:01:03]} Bc5+ {[%emt 0:00:28]} 17. Kh1 {[%emt 0:00:23]} Bh5 {[%emt 0:00:03]} 18. Qe2 {[%emt 0:01:36]} Ne8 {[%emt 0:02:51]} 19. Be3 {[%emt 0:04:28]} Bxe3 {[%emt 0:00:13]} 20. Qxe3 {[%emt 0:00:09]} Bg6 {[%emt 0:02:04]} 21. f4 {[%emt 0:21:21]} exf4 {[%emt 0:00:38]} 22. Rxf4 {[%emt 0:00:15]} Nd6 {[%emt 0:22:40]} 23. e5 {[%emt 0:04:03]} Rfe8 {[%emt 0:03:59]} 24. Qa7 {[%emt 0:14:50]} 1/2-1/2

[Event "23rd Hoogeveen Open 2019"]
[Site "Hoogeveen"]
[Date "2019.10.23"]
[Round "6.20"]
[White "Van Foreest, Machteld"]
[Black "Bhambure, Shantanu"]
[Result "1/2-1/2"]
[WhiteElo "2142"]
[BlackElo "2291"]
[Annotator "RC"]
[PlyCount "131"]
[EventDate "2019.10.19"]
[EventType "swiss"]
[EventCountry "NED"]
[SourceTitle "playchess.com"]
[Source "ChessBase"]
[SourceQuality "1"]
[TimeControl "40/5400+30:1800+30"]

1. e4 {[%emt 0:00:00]} c5 {[%emt 0:00:00]} 2. Nf3 {[%emt 0:00:00]} d6 {[%emt 0:00:00]} 3. Bb5+ {[%emt 0:00:00]} Nd7 {[%emt 0:00:00]} 4. c3 {[%emt 0:00:00]} Ngf6 {[%emt 0:01:45]} 5. Qe2 {[%emt 0:00:59]} a6 {[%emt 0:03:42]} 6. Ba4 {[%emt 0:01:11]} b5 {[%emt 0:02:25]} 7. Bc2 {[%emt 0:00:09]} Bb7 {[%emt 0:06:06]} 8. O-O {[%emt 0:01:07]} c4 {[%emt 0:05:27]} 9. b3 {[%emt 0:11:24]} Qc7 {[%emt 0:03:13]} 10. Nd4 {[%emt 0:08:34]} e5 {[%emt 0:10:06]} 11. Nf5 {[%emt 0:10:58]} g6 {[%emt 0:00:52]} 12. Ng3 {[%emt 0:01:13]} Bg7 {[%emt 0:01:52]} 13. bxc4 {[%emt 0:06:53]} bxc4 {[%emt 0:00:24]} 14. Na3 {[%emt 0:01:17]} Nb6 {[%emt 0:13:28]} 15. d3 {[%emt 0:06:00]} cxd3 {[%emt 0:00:40]} 16. Qxd3 {[%emt 0:04:30]} d5 {[%emt 0:11:34]} 17. exd5 {[%emt 0:07:18]} Nfxd5 {[%emt 0:01:46]} 18. Rb1 {[%emt 0:05:10]} Bc6 {[%emt 0:13:00]} 19. c4 {[%emt 0:04:55]} Ne7 {[%emt 0:01:04]} 20. Bd2 {[%emt 0:05:23]} Na4 {[%emt 0:06:37]} 21. Be3 {[%emt 0:07:25]} Rd8 {[%emt 0:04:15]} 22. Qb3 {[%emt 0:01:20]} O-O {[%emt 0:00:32]} 23. Bb6 {[%emt 0:03:21]} Nxb6 {[%emt 0:00:54]} 24. Qxb6 {[%emt 0:00:04]} Qxb6 {[%emt 0:03:16]} 25. Rxb6 {[%emt 0:00:02]} f5 {[%emt 0:03:22]} 26. c5 {[%emt 0:01:49]} e4 {[%emt 0:00:30]} 27. Rxa6 {[%emt 0:01:55]} Ra8 {[%emt 0:01:23]} 28. Rxa8 {[%emt 0:00:12]} Rxa8 {[%emt 0:00:06]} 29. Bb3+ {[%emt 0:00:22]} Kf8 {[%emt 0:00:42]} 30. Nc2 {[%emt 0:01:30]} Rd8 {[%emt 0:01:22]} 31. Nb4 {[%emt 0:06:42]} Bb5 {[%emt 0:00:10]} 32. Rd1 {[%emt 0:00:30]} Rxd1+ {[%emt 0:00:25]} 33. Bxd1 {[%emt 0:00:01]} Bd4 {[%emt 0:01:14]} 34. a4 {[%emt 0:00:33]} Bd7 {[%emt 0:00:50]} 35. Na6 {[%emt 0:00:40]} Bc8 {[%emt 0:00:58]} 36. Be2 {[%emt 0:01:08]} h5 {[%emt 0:03:20]} 37. Bb5 {[%emt 0:00:51]} Nd5 {[%emt 0:00:33]} 38. Ne2 {[%emt 0:00:08]} Be5 {[%emt 0:00:15]} 39. Bc4 {[%emt 0:01:24]} Nf6 {[%emt 0:00:33]} 40. Nb4 {[%emt 0:01:17]} Nd7 {[%emt 0:00:40]} 41. Nc6 {[%emt 0:08:31]} Bc7 {[%emt 0:04:42]} 42. Na7 {[%emt 0:00:31]} Ne5 {[%emt 0:00:21]} 43. Nxc8 {[%emt 0:10:23]} Nxc4 {[%emt 0:00:04]} 44. Nd4 {[%emt 0:00:23]} Ke8 {[%emt 0:03:13]} 45. Nb5 {[%emt 0:03:29]} Be5 {[%emt 0:05:59]} 46. Nb6 {[%emt 0:03:35]} Na5 {[%emt 0:01:13]} 47. Nd6+ {[%emt 0:03:19]} Ke7 {[%emt 0:03:35]} 48. Nbc4 {[%emt 0:01:20]} Nxc4 {[%emt 0:07:38]} 49. Nxc4 {[%emt 0:00:01]} Bb8 {[%emt 0:00:06]} 50. a5 {[%emt 0:01:30]} Kd7 {[%emt 0:01:57]} 51. a6 {[%emt 0:00:14]} Kc6 {[%emt 0:01:00]} 52. Nd6 {[%emt 0:00:04]} Ba7 {[%emt 0:01:45]} 53. h4 {[%emt 0:03:24]} Bxc5 {[%emt 0:01:31]} 54. Nf7 {[%emt 0:00:05]} Bd4 {[%emt 0:01:24]} 55. Ng5 {[%emt 0:01:21]} Be5 {[%emt 0:02:06]} 56. Ne6 {[%emt 0:00:29]} Bd6 {[%emt 0:00:25]} 57. Nd4+ {[%emt 0:00:33]} Kb6 {[%emt 0:00:22]} 58. a7 {[%emt 0:00:09]} Kb7 {[%emt 0:00:26]} 59. Nc6 {[%emt 0:00:23]} f4 {[%emt 0:01:37]} 60. Kf1 {[%emt 0:00:54]} f3 {[%emt 0:00:25]} 61. gxf3 {[%emt 0:00:31]} exf3 {[%emt 0:00:02]} 62. Kg1 {[%emt 0:00:37]} Bf4 {[%emt 0:00:59]} 63. Ne7 {[%emt 0:00:52]} g5 {[%emt 0:00:28]} 64. hxg5 {[%emt 0:00:21]} Bxg5 {[%emt 0:00:05]} 65. Nc6 {[%emt 0:00:07]} Bf4 {[%emt 0:00:36]} 66. Nd4 {[%emt 0:00:28]} 1/2-1/2

[Event "23rd Hoogeveen Open 2019"]
[Site "Hoogeveen"]
[Date "2019.10.23"]
[Round "6.21"]
[White "Van Dorp, Folke"]
[Black "Van Dael, Siem"]
[Result "0-1"]
[WhiteElo "2086"]
[BlackElo "2273"]
[Annotator "ChessBase"]
[PlyCount "124"]
[EventDate "2019.10.19"]
[EventType "swiss"]
[EventCountry "NED"]
[SourceTitle "playchess.com"]
[Source "ChessBase"]
[SourceQuality "1"]
[TimeControl "40/5400+30:1800+30"]

1. e4 {[%emt 0:00:00]} c5 {[%emt 0:00:00]} 2. Nf3 {[%emt 0:00:11]} d6 {[%emt 0:00:35]} 3. Bb5+ {[%emt 0:00:07]} Nd7 {[%emt 0:00:08]} 4. O-O {[%emt 0:00:46]} a6 {[%emt 0:01:14]} 5. Bxd7+ {[%emt 0:02:41]} Bxd7 {[%emt 0:00:17]} 6. Re1 {[%emt 0:00:49]} e5 {[%emt 0:05:06]} 7. c3 {[%emt 0:02:54]} c4 {[%emt 0:00:27]} 8. d3 {[%emt 0:08:08]} cxd3 {[%emt 0:01:35]} 9. Qxd3 {[%emt 0:00:15]} Rc8 {[%emt 0:00:21]} 10. a4 {[%emt 0:06:19]} Be7 {[%emt 0:00:40]} 11. c4 {[%emt 0:06:21]} Qc7 {[%emt 0:02:51]} 12. b3 {[%emt 0:04:51]} b5 {[%emt 0:02:11]} 13. axb5 {[%emt 0:03:21]} axb5 {[%emt 0:00:06]} 14. Na3 {[%emt 0:03:25]} bxc4 {[%emt 0:02:52]} 15. bxc4 {[%emt 0:03:52]} Nf6 {[%emt 0:03:10]} 16. Nb5 {[%emt 0:02:32]} Bxb5 {[%emt 0:00:59]} 17. cxb5 {[%emt 0:00:05]} O-O {[%emt 0:00:17]} 18. Bg5 {[%emt 0:01:44]} Qc4 {[%emt 0:04:56]} 19. Qxc4 {[%emt 0:00:35]} Rxc4 {[%emt 0:03:25]} 20. Reb1 {[%emt 0:04:15]} Rb8 {[%emt 0:02:22]} 21. Nd2 {[%emt 0:06:15]} Rcc8 {[%emt 0:12:08]} 22. f3 {[%emt 0:02:55]} Bd8 {[%emt 0:00:37]} 23. Be3 {[%emt 0:01:27]} d5 {[%emt 0:00:53]} 24. Ba7 {[%emt 0:01:50]} Rb7 {[%emt 0:00:40]} 25. Kf1 {[%emt 0:06:42]} h6 {[%emt 0:02:20]} 26. Ke2 {[%emt 0:05:30]} d4 {[%emt 0:03:43]} 27. Rb3 {[%emt 0:02:08]} Nd7 {[%emt 0:02:27]} 28. f4 {[%emt 0:00:26]} f6 {[%emt 0:00:26]} 29. fxe5 {[%emt 0:05:15]} fxe5 {[%emt 0:00:15]} 30. Nf3 {[%emt 0:00:32]} Rc2+ {[%emt 0:03:42]} 31. Kf1 {[%emt 0:00:22]} Rcc7 {[%emt 0:00:36]} 32. b6 {[%emt 0:02:05]} Rc5 {[%emt 0:00:33]} 33. Ne1 {[%emt 0:00:42]} Bxb6 {[%emt 0:03:45]} 34. Bxb6 {[%emt 0:03:45]} Rxb6 {[%emt 0:00:42]} 35. Rxb6 {[%emt 0:00:21]} Nxb6 {[%emt 0:00:05]} 36. Nd3 {[%emt 0:00:17]} Rb5 {[%emt 0:00:09]} 37. Rc1 {[%emt 0:00:26]} Kf7 {[%emt 0:02:57]} 38. Rc7+ {[%emt 0:01:41]} Kf6 {[%emt 0:01:30]} 39. Rb7 {[%emt 0:00:40]} g6 {[%emt 0:02:22]} 40. Ke2 {[%emt 0:01:28]} Nd5 {[%emt 0:01:15]} 41. Ra7 {[%emt 0:33:08]} Nb4 {[%emt 0:32:38]} 42. Nxb4 {[%emt 0:03:25]} Rxb4 {[%emt 0:01:01]} 43. h4 {[%emt 0:00:52]} Rb2+ {[%emt 0:06:16]} 44. Kf3 {[%emt 0:00:12]} Rb3+ {[%emt 0:00:46]} 45. Kf2 {[%emt 0:00:54]} Re3 {[%emt 0:03:18]} 46. Ra6+ {[%emt 0:03:31]} Kf7 {[%emt 0:00:05]} 47. Ra7+ {[%emt 0:00:09]} Kf8 {[%emt 0:00:07]} 48. Ra8+ {[%emt 0:00:07]} Ke7 {[%emt 0:00:04]} 49. Ra7+ {[%emt 0:00:09]} Kd8 {[%emt 0:00:04]} 50. Ra8+ {[%emt 0:00:14]} Kc7 {[%emt 0:00:06]} 51. Ra7+ {[%emt 0:04:17]} Kb6 {[%emt 0:01:56]} 52. Rg7 {[%emt 0:00:26]} Rxe4 {[%emt 0:00:05]} 53. Rxg6+ {[%emt 0:00:03]} Kc5 {[%emt 0:00:05]} 54. Rxh6 {[%emt 0:00:00]} d3 {[%emt 0:00:00]} 55. Rh8 {[%emt 0:00:00]} d2 {[%emt 0:00:00]} 56. Rd8 {[%emt 0:00:00]} Rd4 {[%emt 0:00:00]} 57. Rxd4 {[%emt 0:00:00]} Kxd4 {[%emt 0:00:00]} 58. Ke2 {[%emt 0:00:00]} Kc3 {[%emt 0:00:00]} 59. Kd1 {[%emt 0:00:00]} Kd3 {[%emt 0:00:00]} 60. h5 {[%emt 0:00:00]} e4 {[%emt 0:00:00]} 61. h6 {[%emt 0:00:00]} e3 {[%emt 0:00:00]} 62. h7 {[%emt 0:00:00]} e2# {[%emt 0:00:00]} 0-1